00601cam a2200193u 45000010005000000030008000050050017000130080039000300350018000690400033000870410008001200820027001281000053001552450055002082500013002632600061002763000033003376510037003704937BD-RjUL20211208233959.0300716m19591954nyua 001 0 eng a(BD-RjUL)4973 aDLCcCarPdDLCdBD-RjULbeng aeng 223a320.6094bMUG 19591 aMunro, William Bennettd1875- [from old catalog]14aThe governments of Europe /cWilliam Bennett Munro a4rth ed. aNew York :bThe Macmillan company,c1954, [Printed 1959] aix, 796 p. :bill. ;c23 cm. 0aEuropexPolitics and government.